Statistics for 2018 Tour de France Stage Winners in 150 seconds

Click here to take the quiz!

General Stats

  • This quiz has been taken 25 times
  • The average score is 7 of 21

Answer Stats

StageAnswer% Correct
1Fernando Gaviria
76%
2Peter Sagan
76%
11Geraint Thomas
59%
20 (ITT)Tom Dumoulin
59%
4Fernando Gaviria
53%
12Geraint Thomas
53%
10Julian Alaphilippe
41%
16Julian Alaphillippe
41%
19Primoz Roglic
41%
21Alexander Kristoff
35%
5Peter Sagan
35%
9John Degenkolb
29%
3 (TTT)BMC Racing Team
24%
6Dan Martin
24%
13Peter Sagan
24%
18Arnaud Demare
18%
17Nairo Quintana
18%
14Omar Fraile
18%
8Dylan Gronewegen
6%
7Dylan Gronewegen
6%
15Magnus Cort Neilsen
0%

Score Distribution

Percentile by Number Answered

Percent of People with Each Score

Your Score History

You have not taken this quiz